01251nmm a22002057a 4500999001500000003000400015005001700019008004100036040000700077100003400084245010100118260006400219300001000283500005000293505052800343505008300871650003400954650004400988942001301032 c5255d5255OSt20241007140453.0191018e xxu|||||o||d| 00| 0 spa d cPJ aDocimo, Roberto Arturo 9630813aLa IA como herramienta útil para la gestión de los riesgos legales /bRoberto Arturo Docimo. aCiudad Autónoma de Buenos Aires :bAlbremática, c2024. a11 p. aDoctrina de elDial.com Cita digital: DC34DF  a“La integración de la IA en la Gestión de Riesgos Legales representa una transformación significativa para el ámbito jurídico y empresarial. En este artículo se analiza cómo ésta puede mejorar la eficiencia, precisión y capacidad predictiva en la identificación y mitigación de riesgos, conforme los estándares establecidos en las ISO 31000:2018 y 31022:2020. También se identifican los desafíos cruciales relacionados con la privacidad, la seguridad y los sesgos en los datos y algoritmos.” tSi te interesa el texto completo, solicitalo a: koha@justierradelfuego.gov.ar  095817aINTELIGENCIA ARTIFICIAL 094023aNUEVAS TECNOLOGIAS DE INFORMACION 2udccARE